000 nam a22 7a 4500
999 _c336827
_d336827
003 IT-MiCISF
005 20171025103007.0
008 171025b xxu||||| |||| 00| 0 eng d
040 _aIT-MiCISF
_cIT-MiCISF
041 _ait
100 _aGreco Pietro
_956632
210 _aRocca
245 _aBioetica laica, bioetica cattolica, diverse e inconciliabili?
260 _c2013
300 _app. 29-35
362 _an. 3, 1 febbraio
500 _abioetica, società, chiesa
650 _abioetica
_956169
654 _adossier
700 _aPiana G.
_956633
942 _2ddc
_cCR